000 00346nam a2200133Ia 4500
008 100328s9999 xx 000 0 und d
082 _b66693
100 _aकाळे शैलजा.
245 _aअर्धुक.
260 _bज्ञानेश.
630 _aअर्धुक.
730 _aअर्धुक.
942 _cBOOK
999 _c552432
_d552429